Fundamentos de tecnología de los alimentos /

Contenido: La tecnología de los alimentos como disciplina científica; Materias primas; Fundamentos físico-químicos acerca de las sustancias alimenticias en sistemas dispersos; Reología de los alimentos; Aseguramiento de la calidad; Fundamentos de los procesos técnicos; Refrigeración y congelación de...

Ausführliche Beschreibung

Gespeichert in:
Bibliographische Detailangaben
1. Verfasser: Tscheuschner, Horst-Dieter (ed.)
Format: Buch
Sprache:Spanisch
Veröffentlicht: Zaragoza, España : Acribia, 2001, c2001
Schlagworte:
Tags: Tag hinzufügen
Keine Tags, Fügen Sie das erste Tag hinzu!

MARC

LEADER 00000nam^a2200000^a^4500
001 000182941
005 20250521000000.0
009 20260310102024.336
020 |a 84-200-0952-0 
037 |a Acervo ITESO - Biblioteca 
041 |a ESP 
082 |a 664.  |b TSC 
100 |a Tscheuschner, Horst-Dieter  |e (ed.) 
245 1 0 |a Fundamentos de tecnología de los alimentos /  |c Ed. de H.D. Tscheuschner ; coord. y tr. por Fernando González-Fierro Marcilla. 
264 4 |a Zaragoza, España :  |b Acribia,  |c 2001, c2001 
300 |a XVII, 746 p. 
336 |a texto  |b txt  |2 rdacontenido 
337 |a sin mediación  |b n  |2 rdamedio 
338 |a volumen  |b nc  |2 rdasoporte 
500 |a Traducción de: Grundzüge der Lebensmitteltechnik 
520 |a Contenido: La tecnología de los alimentos como disciplina científica; Materias primas; Fundamentos físico-químicos acerca de las sustancias alimenticias en sistemas dispersos; Reología de los alimentos; Aseguramiento de la calidad; Fundamentos de los procesos técnicos; Refrigeración y congelación de alimentos; Proceso de producción; Racionalización de procesos e instalaciones. 
649 |a XX 
650 |a Control de Alimentos 
650 |a Alimentos y Bebidas -  |x Congelación 
650 |a Reología 
650 |a Proceso de Producción 
650 |a Tecnología de Alimentos 
910 |a Fondo General 
920 |a Impresos - Libros 
930 |a Colección General 
905 |a 101 
901 |a 0500123122  |b IT1  |c ACC  |u 20250521 
902 |a https://opac.biblio.iteso.mx/vufind/Record/000182941